| 000 | 01094cam a2200325 a 4500 | ||
|---|---|---|---|
| 005 | 20260322212056.0 | ||
| 008 | data | ||
| 010 | _a91-58343 | ||
| 020 | _a0060168129 | ||
| 020 | _a9780060168124 | ||
| 040 |
_aDNLM _cDNLM |
||
| 041 | 0 | 9 | _aeng |
| 044 | _9United States | ||
| 060 | 0 | 0 |
_aWM 11 AA1 _bT6f 1992 |
| 090 | _aBF 175 T68 1992 | ||
| 100 | 1 |
_aTorrey, E. Fuller _d1937- _q(Edwin Fuller), |
|
| 245 | 1 | 0 |
_aFreudian fraud : _bthe malignant effect of Freud's theory on American thought and culture / _cE. Fuller Torrey. |
| 250 | _a1st ed. | ||
| 260 |
_aNew York, NY : _bHarperCollins, _cc1992. |
||
| 300 | _axvi, 362 p. | ||
| 504 | _aIncludes bibliographical references (p. 279-352) and index. | ||
| 590 | _aInclude bibliographical references (p. 279-352) and index. | ||
| 600 | 1 | 2 |
_aFreud, Sigmund, _d1856-1939. |
| 650 | 2 |
_aEnvironment _zUnited States |
|
| 650 | 2 |
_aFreudian Theory _xhistory _zUnited States |
|
| 650 | 2 |
_aGenetics, Behavioral _xhistory _zUnited States |
|
| 650 | 2 |
_aPsychoanalysis _xhistory _zUnited States |
|
| 650 | 2 |
_aSocial Environment _zUnited States |
|
| 001 | data | ||
| 999 |
_c1329 _d1329 |
||